|
|
|
|
| LEADER |
00986nam a2200253 u 4500 |
| 001 |
10026996 |
| 003 |
upatras |
| 005 |
20210117205956.0 |
| 008 |
960403s1978 ge eng |
| 020 |
|
|
|a 3540089136
|q (Χαρτόδ. μαλακό)
|
| 040 |
|
|
|a GR-PaULI
|c GR-PaULI
|
| 041 |
0 |
|
|a eng
|a fre
|
| 245 |
1 |
0 |
|a Equations aux derivee partielles
|b Proceedings, Saint-Jean-de-Monts, June 1-4, 1977
|c editor Pham The Lai
|
| 260 |
|
|
|a Berlin
|b Springer Verlag
|c 1978
|
| 300 |
|
|
|a vi, 216 p.
|c 24 cm
|
| 490 |
0 |
|
|a Lecture notes in mathematics
|v 660
|
| 505 |
1 |
|
|a Includes bibliography
|
| 650 |
|
4 |
|9 130
|a Εξισώσεις, Διαφορικές
|
| 700 |
1 |
|
|a Lai, Pham The
|9 152774
|
| 760 |
1 |
|
|a Lecture notes in mathematics
|g 660
|
| 852 |
|
|
|a GR-PaULI
|b ΠΑΤΡΑ
|b ΦΥΣΙΚΟ
|k ΑΕΧ-1
|h 51.7 LAI
|m 01411
|t 1
|
| 942 |
|
|
|2 ddc
|c BK15
|
| 952 |
|
|
|0 0
|1 0
|4 0
|6 51_700000000000000_LAI
|7 0
|9 197384
|a PHYS
|b PHYS
|d 2016-04-24
|i 01411
|l 0
|o 51.7 LAI
|r 2016-04-24 00:00:00
|t 1
|w 2016-04-24
|y BK15
|
| 999 |
|
|
|c 121188
|d 121188
|